Most Famous Artists/Bands in History? - Statistics

General Stats
  • This quiz has been taken 96 times
  • The average score is 14 of 35
Answer Stats
Songs Answer % Correct
Beat It Michael Jackson
98%
Shake It Off Taylor Swift
80%
Toxic Britney Spears
71%
Jailhouse Rock Elvis Presley
71%
Roar Katy Perry
71%
My Heart will go ON Celine Dion
70%
Hotel California Eagles
70%
Viva La Vida Coldplay
62%
Wannebe Spice Girls
60%
Stairway to Heaven Led Zeppelin
57%
I Will Always Love You Whitney Houston
55%
Flowers Miley Cyrus
48%
Dreams Fleetwood Mac
44%
Piano Man Elton John
42%
Knocking ON Heaven's Door Guns N' Roses
42%
Easy On Me Adele
40%
Smoke On Water Deep Purple
40%
Perfect Ed Sheeran
40%
Mockingbird Eminem
40%
Can't Stop The Feeling Justin Timberlake
40%
Drop It Like It's Hot Snoop Dog
39%
Buffalo Soldier Bob Marley
37%
Jumpin' Jack Flash Rolling Stones
36%
I'd Do Anything For Love Meat Loaf
33%
STAY Justin Bieber
29%
On The Floor Jennifer Lopez
27%
Massechusetts Bee Gees
23%
Hey Joe Jimi Hendrix
23%
Nothing's Gonna Stop Us Starship
14%
Me Against Music Madonna
12%
We Are The World (COLLAB) Lionel Richie
10%
To Be With You Mr. Big
10%
We are the World (Collab) Stevie Wonder
4%
Side to Side Ariana Granda
1%
Scar Tissue Red Hot Chillies
1%
No matching quizzes found
Score Distribution
Percent of People with Each Score
Percentile by Number Answered
Your Score History
You have not taken this quiz